Finish the Hamilton Lyrics #4 - Statistics

General Stats
  • This quiz has been taken 207 times
  • The average score is 19 of 20
Answer Stats
Hint Answer % Correct
I may not ____ to see our glory live
99%
_____ a glass to freedom Raise
99%
They'll tell the _____ of tonight story
98%
They'll tell the _____ of— story
98%
Something ____ can never take away they
98%
Raise a glass to the ____ of us four
97%
Raise a _____ to freedom glass
96%
Raise a _____ to the four of us glass
96%
Tomorrow there'll be ____ of us more
96%
Something they can _____ take away never
96%
No matter what they ___ you tell
96%
But I will gladly ____ the fight! join
95%
Let's have another _____ tonight round
95%
Let's have another _____ tonight round
95%
________ there'll be more of us Tomorrow
95%
They'll tell the story of ________ tonight
95%
_______ tonight
95%
And when our ________ tell our story… children
94%
Raise a glass to _______ freedom
94%
______ the story of tonight Telling
73%
No matching quizzes found
Score Distribution
Percent of People with Each Score
Percentile by Number Answered
Your Score History
You have not taken this quiz